000 00510nam a2200169Ia 4500
003 GCL
008 140319s9999 xx 000 0 ara d
040 _aGCL /
_cGCL
082 0 4 _a956.6
_bا ق
100 1 _aامين الريحانى
245 1 0 _aقلب لبنان: سياحات قصيرة فى جيالنا والتاريخنا /
_cامين الريحانى
260 _a[S.N] :
_bدار الكتب اللبنانى ،
_c1991
300 _a175
490 _a
650 0 4 _aلبنان
942 _2ddc
_cBK
999 _c53091
_d53091